| 000 | 00462nam a2200181Ia 4500 | ||
|---|---|---|---|
| 008 | 230524s9999 xx 000 0 und d | ||
| 020 | _a8121928141 | ||
| 082 |
_a657 _bGER |
||
| 100 | _aRanjan K.Bal | ||
| 245 | 2 | _aA New Approach to Accounting (Part-1) | |
| 250 | _a5TH | ||
| 260 |
_aNEW YORK _bS.Chand _c2006 |
||
| 300 | _aXV;719 | ||
| 500 | _aQuantity Number: 10 | ||
| 650 | _aManagement | ||
| 700 | _a" Sudarshan Sahu , Ashutosh Dash,,," | ||
| 942 | _cBK | ||
| 999 |
_c44778 _d44778 |
||